Metalografía (Record no. 80096)

MARC details
000 -LEADER
campo de control de longitud fija 00748nam a2200217 i 4500
001 - NÚMERO DE CONTROL
campo de control 80096
003 - IDENTIFICADOR DE NÚMERO DE CONTROL
campo de control ES-MaACL
007 - CAMPO FIJO DE DESCRIPCIÓN FÍSICA--INFORMACIÓN GENERAL
campo de control de longitud fija t|
008 - DATOS DE LONGITUD FIJA--INFORMACIÓN GENERAL
campo de control de longitud fija 041026s1944 sp ||||1| spa d
100 1# - ENTRADA PRINCIPAL--NOMBRE DE PERSONA
Nombre de persona Heyn, E.
9 (RLIN) 63532
245 10 - MENCIÓN DEL TÍTULO
Título Metalografía
Resto del título : iniciación al conocimiento de los metales y sus aleaciones /
Mención de responsabilidad, etc. por E. Heyn y O. Bauer ; traducción del alemán por Julio Martínez Borso.
250 ## - MENCION DE EDICION
Mención de edición 2ª ed.
260 ## - PUBLICACIÓN, DISTRIBUCIÓN, ETC.
Lugar de publicación, distribución, etc. Barcelona :
Nombre del editor, distribuidor, etc. Labor,
Fecha de publicación, distribución, etc. 1944 (
Fabricante Imp. Elzeviriana)
300 ## - DESCRIPCIÓN FÍSICA
Extensión 266 p. ;
Dimensiones 20 cm.
490 1# - MENCIÓN DE SERIE
Mención de serie Manuales técnicos Labor ;
Designación de volumen o secuencia 45
700 1# - ENTRADA AGREGADA--NOMBRE PERSONAL
Nombre de persona Bauer, O.
9 (RLIN) 26558
700 1# - ENTRADA AGREGADA--NOMBRE PERSONAL
Nombre de persona Martínez Borso, Julio.
9 (RLIN) 77896
830 0# - PUNTO DE ACCESO ADICIONAL DE SERIE-TÍTULO UNIFORME
Título uniforme Manuales técnicos Labor ;
Designación de volumen o secuencia 45
9 (RLIN) 184031
852 ## - LOCALIZACIÓN
Ubicación ES-MaACL
Número de control de estantería L-5741
Sublocalización o colección R.106305
Holdings
Estatus retirado Estado de pérdida Estado de daño No para préstamo Biblioteca de origen Biblioteca actual Ubicación en estantería Fecha de adquisición Fuente de adquisición Total de préstamos Signatura topográfica completa Código de barras Visto por última vez Precio de reemplazo Tipo de ítem Koha
        Biblioteca del Ateneo de Madrid Biblioteca del Ateneo de Madrid Depósito 2 17/01/2008     L-5741 1083744 23/02/2023 23/02/2023 Libro impreso